[Event "SR Extraliga 2016/2017"]
[Site "?"]
[Date "2017.02.19"]
[Round "8.6"]
[White "Jozefek, Michal"]
[Black "Bagi, Mate"]
[Result "0-1"]
[WhiteElo "2199"]
[BlackElo "2447"]
[PlyCount "78"]
[EventDate "2016.??.??"]

1. c4 c5 2. Nc3 Nf6 3. Nf3 d5 4. cxd5 Nxd5 5. g3 Nc6 6. Bg2 Nc7 7. O-O e5 8. d3
Be7 9. Be3 Bd7 10. Nd2 O-O 11. Nc4 f6 12. Bxc6 Bxc6 13. Na5 Bd5 14. Nxd5 Qxd5
15. Qb3 b6 16. Nc4 Kh8 17. Rfc1 f5 18. Nxe5 Qxe5 19. Bf4 Qxe2 20. Re1 Qf3 21.
Bxc7 Bf6 22. Re3 Qc6 23. Be5 Bxe5 24. Rxe5 f4 25. Rae1 Rad8 26. Re7 fxg3 27.
fxg3 Qf3 28. R7e3 Qf2+ 29. Kh1 h6 30. Qc3 Rd7 31. a3 Rdf7 32. b4 Qa2 33. R3e2
Rf1+ 34. Kg2 R8f2+ 35. Kh3 Rxe2 36. Rxf1 Rxh2+ 37. Kg4 Qe2+ 38. Rf3 Rf2 39. d4
h5+ 0-1

[Event "SR Extraliga 2016/2017"]
[Site "?"]
[Date "2017.02.19"]
[Round "8.7"]
[White "Csiba, Dominik"]
[Black "Bury, Rastislav"]
[Result "1/2-1/2"]
[WhiteElo "2364"]
[BlackElo "2158"]
[PlyCount "48"]
[EventDate "2016.??.??"]

1. e4 c5 2. Nf3 d6 3. c3 Nf6 4. h3 e6 5. Bd3 Nc6 6. O-O Be7 7. Re1 O-O 8. Bc2
Ne5 9. d4 Nxf3+ 10. Qxf3 e5 11. Bb3 exd4 12. cxd4 cxd4 13. Rd1 Qb6 14. Qd3 Be6
15. Qxd4 Bxb3 16. axb3 Qxb3 17. Nc3 a6 18. Bf4 Rfd8 19. Rd3 Qe6 20. g4 Rac8 21.
g5 Nh5 22. Bd2 Rc4 23. Qb6 Rd7 24. Re1 f6 1/2-1/2

[Event "SR Extraliga 2016/2017"]
[Site "?"]
[Date "2017.02.19"]
[Round "8.8"]
[White "Gasa, Patrik"]
[Black "Csonka, Attila Istvan"]
[Result "0-1"]
[WhiteElo "2148"]
[BlackElo "2316"]
[PlyCount "206"]
[EventDate "2016.??.??"]

1. c4 e5 2. Nc3 Nf6 3. Nf3 Nc6 4. e4 Bc5 5. h3 d6 6. Be2 h6 7. d3 Be6 8. a3 Nd4
9. Rb1 c6 10. b4 Bb6 11. b5 O-O 12. O-O Re8 13. a4 Nxf3+ 14. Bxf3 d5 15. bxc6
bxc6 16. exd5 cxd5 17. Rb5 Rc8 18. Nxd5 Bxd5 19. cxd5 a6 20. Rb1 Bd4 21. Bb2
Bxb2 22. Rxb2 Nxd5 23. Rb7 Nf4 24. Qb3 Re7 25. Bg4 Rxb7 26. Qxb7 Rc2 27. Qxa6
g6 28. Bf3 Qd4 29. Qa8+ Kg7 30. Qe4 Qxe4 31. dxe4 Ra2 32. Rb1 Rxa4 33. Rb5 Nd3
34. Rd5 Ra3 35. Rb5 Ra1+ 36. Kh2 Nxf2 37. Rxe5 h5 38. Kg3 Nd3 39. Rd5 Ra3 40.
h4 Kf6 41. Rd6+ Ke5 42. Rd5+ Ke6 43. Rb5 Rc3 44. Ra5 f6 45. Rb5 Nc5 46. Kf4 Ke7
47. Rb8 Ne6+ 48. Kg3 g5 49. hxg5 fxg5 50. Rh8 g4 51. Rxh5 gxf3 52. gxf3 Nd4 53.
Rd5 Nxf3 54. Kf4 Ne1 55. Ra5 Rf3+ 56. Ke5 Nd3+ 57. Kd4 Nf4 58. Ra7+ Kf6 59. e5+
Kg5 60. Ke4 Rf1 61. Ra8 Re1+ 62. Kd4 Ne6+ 63. Kd3 Rxe5 64. Rg8+ Kf4 65. Rh8
Rd5+ 66. Kc4 Rd1 67. Rh4+ Ke5 68. Rh8 Rc1+ 69. Kd3 Nf4+ 70. Kd2 Rc7 71. Rd8 Nd5
72. Rh8 Ke4 73. Re8+ Kd4 74. Rh8 Ra7 75. Rh4+ Ke5 76. Rh5+ Ke4 77. Rh4+ Nf4 78.
Rh8 Ra3 79. Rh4 Rf3 80. Rh8 Rf2+ 81. Kc3 Nd5+ 82. Kc4 Rc2+ 83. Kb5 Nc7+ 84. Kb4
Ne6 85. Rh4+ Nf4 86. Rh8 Rc1 87. Rh4 Ke5 88. Rh8 Kd4 89. Kb5 Rc5+ 90. Ka6 Nd5
91. Kb7 Rc7+ 92. Ka6 Kc5 93. Rh5 Rg7 94. Rf5 Rg1 95. Rh5 Rg2 96. Kb7 Rg6 97.
Rh1 Rg7+ 98. Kc8 Rf7 99. Kd8 Nf6 100. Kc8 Kd6 101. Rh6 Kc6 102. Kd8 Kb7 103.
Rh7 Nxh7 0-1

[Event "SR Extraliga 2016/2017"]
[Site "?"]
[Date "2017.03.24"]
[Round "9.1"]
[White "Vovk, Jurij"]
[Black "Navara, David"]
[Result "0-1"]
[WhiteElo "2609"]
[BlackElo "2728"]
[PlyCount "102"]
[EventDate "2016.??.??"]

1. d4 Nf6 2. c4 e6 3. Nf3 b6 4. a3 Bb7 5. Nc3 d5 6. cxd5 Nxd5 7. Bd2 Nd7 8. Qc2
c5 9. e4 Nxc3 10. Bxc3 cxd4 11. Nxd4 Be7 12. Rd1 a6 13. Bc4 Qc8 14. Ba2 Nc5 15.
f3 O-O 16. O-O Rd8 17. b4 Na4 18. Ba1 Qxc2 19. Nxc2 Rac8 20. Bb3 Nc3 21. Rxd8+
Bxd8 22. Kf2 a5 23. Bxc3 Rxc3 24. Rb1 Ba6 25. Nd4 Bh4+ 26. g3 Be7 27. b5 Bb7
28. Nc2 Kf8 29. Ke2 Bc5 30. a4 f5 31. exf5 exf5 32. Ne1 Re3+ 33. Kf1 Bb4 34.
Bc2 g5 35. f4 gxf4 36. gxf4 Rh3 37. Nd3 Bd2 38. Nf2 Rxh2 39. Bxf5 h5 40. Rd1
Be3 41. Ne4 Rh1+ 42. Ke2 Rxd1 43. Kxd1 Bxf4 44. Ke2 Be5 45. Kd3 Ke7 46. Kc2 h4
47. Kd3 Bd5 48. Nd2 Bg2 49. Nc4 Bf1+ 50. Ke4 Bxc4 51. Kxe5 Bb3 0-1

[Event "SR Extraliga 2016/2017"]
[Site "?"]
[Date "2017.03.24"]
[Round "9.2"]
[White "Markos, Jan"]
[Black "Stocek, Jiri"]
[Result "1/2-1/2"]
[WhiteElo "2564"]
[BlackElo "2568"]
[PlyCount "65"]
[EventDate "2016.??.??"]

1. Nf3 e6 2. g3 b6 3. Bg2 Bb7 4. O-O Nf6 5. c4 c5 6. Nc3 a6 7. b3 d6 8. Bb2
Nbd7 9. e3 Be7 10. d4 O-O 11. d5 exd5 12. Nh4 g6 13. Nxd5 Nxd5 14. Bxd5 Bxd5
15. Qxd5 b5 16. Ng2 Bf6 17. Bxf6 Nxf6 18. Qf3 bxc4 19. bxc4 Rb8 20. Rfb1 Qe7
21. Nf4 Qe5 22. Rd1 Kg7 23. Rab1 Ne4 24. Rb3 Rfe8 25. h4 h5 26. Kg2 Rxb3 27.
axb3 a5 28. Rd3 Qa1 29. Qd1 Qb2 30. Qe2 Qb1 31. Qd1 Qb2 32. Qe2 Qb1 33. Qd1
1/2-1/2

[Event "SR Extraliga 2016/2017"]
[Site "?"]
[Date "2017.03.24"]
[Round "9.3"]
[White "Vetoshko, Volodymyr"]
[Black "Babula, Vlastimil"]
[Result "0-1"]
[WhiteElo "2503"]
[BlackElo "2548"]
[PlyCount "102"]
[EventDate "2016.??.??"]

1. e4 c5 2. Nf3 d6 3. d4 cxd4 4. Nxd4 Nf6 5. f3 e5 6. Nb3 d5 7. Bg5 d4 8. c3
Nc6 9. Bb5 h6 10. Bxf6 Qxf6 11. cxd4 Bb4+ 12. Nc3 O-O 13. O-O Nxd4 14. Nd5 Qd6
15. Nxb4 Qxb4 16. Nxd4 Rd8 17. Qe2 Rxd4 18. a3 Qc5 19. Kh1 a6 20. Bd3 Be6 21.
Rac1 Qd6 22. Rfd1 Rd8 23. Bc2 Rd2 24. Qe1 Qd4 25. h3 Rd7 26. Rxd2 Qxd2 27. Qxd2
Rxd2 28. b4 b5 29. Kh2 Bc4 30. Kg3 Kf8 31. Bb1 Rb2 32. Rd1 Be6 33. h4 Ke7 34.
h5 Kf6 35. Rc1 Bc4 36. Rd1 Be6 37. Rc1 Kg5 38. Bd3 Rb3 39. Be2 Rxa3 40. Rc5 Kf6
41. Rc6 Ra2 42. Bf1 Ra4 43. Be2 Ke7 44. Rb6 Rxb4 45. Rxa6 Rb2 46. Bf1 b4 47.
Bb5 b3 48. Rb6 Rd2 49. Bc6 b2 50. Bd5 Bxd5 51. exd5 f5 0-1

[Event "SR Extraliga 2016/2017"]
[Site "?"]
[Date "2017.03.24"]
[Round "9.4"]
[White "Mrva, Martin"]
[Black "Nayhebaver, Martin"]
[Result "1/2-1/2"]
[WhiteElo "2393"]
[BlackElo "2448"]
[PlyCount "149"]
[EventDate "2016.??.??"]

1. e4 c5 2. Nf3 d6 3. d4 cxd4 4. Nxd4 Nf6 5. Nc3 a6 6. g3 g6 7. Bg2 Bg7 8. O-O
O-O 9. Re1 Nc6 10. Nf3 Bd7 11. Nd5 Rb8 12. c3 Ne8 13. Bg5 h6 14. Be3 b5 15. Qd2
Kh7 16. Rad1 e6 17. Nb4 Nxb4 18. cxb4 e5 19. Qd3 Qe7 20. Nd2 Be6 21. b3 Nf6 22.
Nb1 Rfd8 23. Nc3 Ng4 24. Nd5 Qb7 25. Bb6 Rdc8 26. Ba5 Qa7 27. Rd2 Rc6 28. Qf3
Rbc8 29. h3 Bxd5 30. exd5 Rc1 31. Rdd1 Rxd1 32. Rxd1 Nf6 33. Qd3 Nh5 34. a4 e4
35. Qxe4 Nxg3 36. Qg4 Nf5 37. axb5 axb5 38. Be4 h5 39. Qg5 Bh6 40. Qf6 Bg7 41.
Qg5 Nd4 42. Qxh5+ Kg8 43. Qg5 Re8 44. Bg2 Nf5 45. Bf1 Bd4 46. Qf4 Be5 47. Qf3
Nh4 48. Qg4 Qe7 49. Kh1 f5 50. Qe2 Qg5 51. Qxb5 Bh2 52. Qxe8+ Kg7 53. Qe7+ Qxe7
54. Kxh2 Nf3+ 55. Kh1 Qe5 56. Kg2 Qe4 57. b5 Qc2 58. Rd3 Ne5 59. Bc3 Kf7 60.
Bxe5 dxe5 61. d6 Ke8 62. Rg3 Kd7 63. Rxg6 Qxb3 64. h4 e4 65. Be2 Qb2 66. Kf1
Qa1+ 67. Kg2 Qa2 68. Kf1 Qb1+ 69. Kg2 Qb2 70. Kf1 Qa1+ 71. Kg2 Qa2 72. Kf1 Qb3
73. h5 Qb1+ 74. Kg2 Qb2 75. Kf1 1/2-1/2

[Event "SR Extraliga 2016/2017"]
[Site "?"]
[Date "2017.03.24"]
[Round "9.5"]
[White "Harvan, Richard"]
[Black "Gazik, Viktor"]
[Result "0-1"]
[WhiteElo "2086"]
[BlackElo "2409"]
[PlyCount "76"]
[EventDate "2016.??.??"]

1. e4 c5 2. Nf3 Nc6 3. Nc3 g6 4. d4 cxd4 5. Nxd4 Bg7 6. Nxc6 bxc6 7. Bc4 d6 8.
O-O Nf6 9. Qf3 O-O 10. Qg3 Rb8 11. Rb1 Nh5 12. Qf3 Qa5 13. Bd2 Qe5 14. Rfe1 Be6
15. Bd3 Nf6 16. h3 Nd7 17. Qe2 Nc5 18. f4 Qd4+ 19. Be3 Qb4 20. a3 Qa5 21. Nd1
Nxd3 22. cxd3 Rb3 23. Bd2 Qc5+ 24. Be3 Qb5 25. d4 Qxe2 26. Rxe2 Bc4 27. Re1 Bd3
28. Rc1 Bxe4 29. Bf2 f5 30. Nc3 d5 31. Na4 Rf6 32. Rc5 Bh6 33. g3 g5 34. fxg5
Bxg5 35. h4 Bh6 36. Rd1 Rg6 37. Kh2 Rf3 38. Be1 Rf1 0-1

[Event "SR Extraliga 2016/2017"]
[Site "?"]
[Date "2017.03.24"]
[Round "9.6"]
[White "Krak, Tomas"]
[Black "Najgebauer, Szemjon"]
[Result "1-0"]
[WhiteElo "2309"]
[BlackElo "2272"]
[PlyCount "129"]
[EventDate "2016.??.??"]

1. e4 e5 2. Nf3 Nc6 3. Bc4 Be7 4. d3 Nf6 5. c3 a6 6. Nbd2 O-O 7. O-O b5 8. Bb3
Bb7 9. Re1 d5 10. exd5 Nxd5 11. Nf1 Bf6 12. Ng3 Nf4 13. d4 Ng6 14. Ne4 Be7 15.
Nfg5 Bxg5 16. Bxg5 Qc8 17. Qh5 Qf5 18. Ng3 Qd7 19. dxe5 Ncxe5 20. Rad1 Nd3 21.
Re3 Qc6 22. Ne4 Ndf4 23. Bxf4 Nxf4 24. Qg4 Ng6 25. Ng5 h6 26. Bd5 Qb6 27. Bxb7
Qxb7 28. Nxf7 Rxf7 29. Qxg6 Raf8 30. Rg3 c6 31. Rd2 Qe7 32. Qb1 Qc5 33. Qe1 Qc4
34. b3 Qc5 35. h3 Re7 36. Re3 Rfe8 37. Rde2 Rxe3 38. Rxe3 Rxe3 39. Qxe3 Qd5 40.
Qd4 Qe6 41. Qd8+ Kf7 42. Qd2 g5 43. Qe3 Qd7 44. Kh2 Qd6+ 45. Qg3 Qe6 46. Qf3+
Kg6 47. g3 c5 48. Qd3+ Kg7 49. Kg2 Qc6+ 50. Qf3 Qd6 51. Qb7+ Kg6 52. Qe4+ Kg7
53. h4 gxh4 54. Qxh4 Qd5+ 55. Kh2 Qd6 56. Qe4 Qf6 57. Qe3 Qd6 58. Kg2 Qc6+ 59.
Qf3 Qd6 60. Qe4 Qf6 61. Qg4+ Kf7 62. Qh5+ Kg7 63. Qxc5 Qe6 64. Qd4+ Kf7 65. c4
1-0

[Event "SR Extraliga 2016/2017"]
[Site "?"]
[Date "2017.03.24"]
[Round "9.7"]
[White "Klemanic, Emil"]
[Black "Gazik, Igor"]
[Result "0-1"]
[WhiteElo "2151"]
[BlackElo "2281"]
[PlyCount "83"]
[EventDate "2016.??.??"]

1. e4 g6 2. d4 Bg7 3. c4 Nc6 4. Nf3 d6 5. d5 Ne5 6. Nxe5 dxe5 7. Bd3 Nf6 8. Nc3
O-O 9. O-O Nh5 10. g3 a6 11. Be2 Bh3 12. Re1 Nf6 13. Bg5 Qd6 14. Bxf6 exf6 15.
a3 f5 16. Bf1 Bxf1 17. Rxf1 f4 18. b4 f5 19. f3 Qf6 20. Ra2 fxg3 21. hxg3 Bh6
22. Qe1 a5 23. c5 axb4 24. axb4 Rxa2 25. Nxa2 Qa6 26. Rf2 Qd3 27. Kg2 Be3 28.
Re2 f4 29. g4 Ra8 30. Rb2 Bd4 31. Qe2 Qa3 32. Rc2 Qb3 33. c6 bxc6 34. dxc6 Kg7
35. b5 Ra4 36. Nc1 Qb4 37. Ra2 Rxa2 38. Qxa2 Qe1 39. Ne2 Qf2+ 40. Kh1 Qxf3+ 41.
Kh2 Qf2+ 42. Kh1 0-1

[Event "SR Extraliga 2016/2017"]
[Site "?"]
[Date "2017.03.24"]
[Round "9.8"]
[White "Pcola, Jaroslav st"]
[Black "Frindt, Kornel"]
[Result "0-1"]
[WhiteElo "2080"]
[BlackElo "2178"]
[PlyCount "102"]
[EventDate "2016.??.??"]

1. e4 c5 2. Nf3 Nc6 3. Nc3 d6 4. d4 cxd4 5. Nxd4 e5 6. Nf3 h6 7. Bc4 Nf6 8. h3
Be7 9. O-O O-O 10. Re1 Na5 11. Bf1 b6 12. b3 a6 13. Bb2 Qc7 14. Rc1 Nb7 15. Bc4
Nc5 16. Nd5 Nxd5 17. Bxd5 Bb7 18. Ba3 Rfd8 19. c4 Ne6 20. g3 Bc6 21. Kg2 Qb7
22. h4 Bf8 23. Bb2 Rac8 24. Qe2 Bxd5 25. cxd5 Nc5 26. Red1 b5 27. Ba3 b4 28.
Bb2 a5 29. Ne1 a4 30. bxa4 Nxa4 31. Nd3 Qb5 32. Qd2 Rc4 33. Rxc4 Qxc4 34. Nxb4
Rb8 35. a3 Nxb2 36. Qxb2 Qxe4+ 37. Kg1 f5 38. Qc3 Qg4 39. Re1 f4 40. Re4 Be7
41. Kg2 Bxh4 42. Qf3 Qg6 43. Kh3 Bg5 44. g4 Kf7 45. Nc6 Rb3 46. Rxf4+ Bxf4 47.
Qxb3 Qe4 48. Qd1 Qc4 49. Nd8+ Kf6 50. a4 e4 51. Ne6 Qd3+ 0-1

[Event "SR Extraliga 2016/2017"]
[Site "?"]
[Date "2017.03.24"]
[Round "9.1"]
[White "Ftacnik, Lubomir"]
[Black "Erdos, Viktor"]
[Result "1/2-1/2"]
[WhiteElo "2550"]
[BlackElo "2596"]
[PlyCount "30"]
[EventDate "2016.??.??"]

1. Nf3 d5 2. d4 Nf6 3. c4 c6 4. Nc3 a6 5. g3 dxc4 6. Bg2 b5 7. Ne5 Bb7 8. O-O
e6 9. b3 cxb3 10. axb3 Be7 11. Bb2 O-O 12. Qc2 Nbd7 13. Bxc6 Qc8 14. Bxb7 Qxb7
15. Nxd7 Qxd7 1/2-1/2

[Event "SR Extraliga 2016/2017"]
[Site "?"]
[Date "2017.03.24"]
[Round "9.2"]
[White "Vajda, Levente"]
[Black "Pacher, Milan"]
[Result "1-0"]
[WhiteElo "2594"]
[BlackElo "2453"]
[PlyCount "97"]
[EventDate "2016.??.??"]

1. e4 e5 2. Nf3 Nc6 3. Bc4 Nf6 4. d3 Be7 5. Nc3 d6 6. a3 O-O 7. h3 Be6 8. Nd5
Bxd5 9. exd5 Nd4 10. Nxd4 exd4 11. O-O Nd7 12. Bd2 Bf6 13. b4 Re8 14. a4 g6 15.
a5 a6 16. Bb3 b5 17. axb6 Nxb6 18. f4 Bh4 19. f5 Bg5 20. Bf4 Qe7 21. Qg4 Bxf4
22. Rxf4 h5 23. Qg3 Qe3+ 24. Kh2 Qxg3+ 25. Kxg3 g5 26. Rxd4 Re5 27. f6 Kh7 28.
c4 Nd7 29. Ba4 Nxf6 30. Bb5 h4+ 31. Kf2 Rf5+ 32. Ke3 c5 33. bxc5 dxc5 34. Re4
Nxe4 35. Kxe4 Kg6 36. Bc6 Ra7 37. d6 Kf6 38. d4 a5 39. d7 Rf4+ 40. Kd5 Rxd4+
41. Kxc5 Rdxd7 42. Bxd7 Rxd7 43. Ra2 Ke5 44. Kb6 Rd1 45. Rxa5+ Kf4 46. c5 f5
47. c6 Rd8 48. c7 Rh8 49. Ra3 1-0

[Event "SR Extraliga 2016/2017"]
[Site "?"]
[Date "2017.03.24"]
[Round "9.3"]
[White "Zetocha, Claudiu"]
[Black "Petenyi, Tamas"]
[Result "1/2-1/2"]
[WhiteElo "2332"]
[BlackElo "2439"]
[PlyCount "116"]
[EventDate "2016.??.??"]

1. Nf3 g6 2. d4 Bg7 3. e4 d6 4. Nc3 Nf6 5. Be3 O-O 6. Qd2 Bg4 7. Be2 Nbd7 8. h3
Bxf3 9. Bxf3 c6 10. O-O Qc7 11. Ne2 e5 12. c3 Rfe8 13. Ng3 d5 14. exd5 cxd5 15.
Rac1 Rad8 16. Bg5 e4 17. Bd1 Nf8 18. Bf4 Qc6 19. Bb3 Ne6 20. Be5 Nc5 21. Bc2
Ncd7 22. Bf4 b5 23. f3 Nb6 24. b3 exf3 25. gxf3 Nfd7 26. Kh2 Nf8 27. Rg1 Ne6
28. Be3 Rc8 29. Bd3 b4 30. cxb4 Qd6 31. Bb5 Rxc1 32. Rxc1 Rc8 33. Rd1 Rc7 34.
Kg2 Nc8 35. Ne2 Rb7 36. Rc1 Ne7 37. Bd3 Rxb4 38. Qb2 Rb8 39. a3 Nc6 40. Qc3 Ne7
41. b4 Rc8 42. Qd2 Re8 43. Rc2 h5 44. b5 h4 45. a4 Bf6 46. a5 Ng7 47. Bf4 Qe6
48. Rb2 Nef5 49. b6 axb6 50. axb6 g5 51. b7 gxf4 52. Qxf4 Ne3+ 53. Kh2 Nh5 54.
b8=Q Nf1+ 55. Kg1 Nxf4 56. Qxf4 Ne3 57. Qh6 Bg7 58. Qxe6 fxe6 1/2-1/2

[Event "SR Extraliga 2016/2017"]
[Site "?"]
[Date "2017.03.24"]
[Round "9.4"]
[White "Czebe, Attila"]
[Black "Briestensky, Rastislav"]
[Result "1-0"]
[WhiteElo "2490"]
[BlackElo "2310"]
[PlyCount "59"]
[EventDate "2016.??.??"]

1. c4 Nf6 2. g3 g6 3. Bg2 Bg7 4. Nc3 O-O 5. d4 d6 6. Nf3 Nc6 7. O-O a5 8. h3
Rb8 9. e4 Nd7 10. Nb5 Ra8 11. Re1 Nb4 12. Be3 c6 13. Nc3 Nb6 14. Qe2 Be6 15. d5
Bd7 16. Rac1 Na6 17. Kh2 Rc8 18. e5 cxd5 19. Bxb6 Qxb6 20. Nxd5 Qd8 21. exd6
exd6 22. Ne7+ Kh8 23. Nxc8 Bxc8 24. Rcd1 Qb6 25. b3 a4 26. Qe3 Nc5 27. Ng5 Bf6
28. Ne4 Re8 29. Qf3 Bg7 30. Nxc5 1-0

[Event "SR Extraliga 2016/2017"]
[Site "?"]
[Date "2017.03.24"]
[Round "9.5"]
[White "Petran, Peter"]
[Black "Bokros, Albert"]
[Result "0-1"]
[WhiteElo "2304"]
[BlackElo "2486"]
[PlyCount "104"]
[EventDate "2016.??.??"]

1. g3 Nf6 2. Bg2 d5 3. Nf3 c6 4. d3 Bf5 5. Nbd2 h6 6. O-O e6 7. b3 Be7 8. Bb2
O-O 9. Re1 Nbd7 10. e4 Bh7 11. Qe2 a5 12. a3 Qb6 13. Rab1 Qa6 14. exd5 cxd5 15.
a4 Rac8 16. Rbc1 b5 17. axb5 Qxb5 18. Bh3 Bb4 19. Qd1 Bc3 20. Bxc3 Rxc3 21. Nd4
Qb6 22. N2f3 Rfc8 23. Ne2 R3c7 24. Rf1 Qb4 25. Ne1 d4 26. Ra1 Nb6 27. Ra2 Rc5
28. Qa1 Rd8 29. Qd1 Bf5 30. Bg2 a4 31. bxa4 Nxa4 32. Qa1 Nc3 33. Nxc3 Rxc3 34.
Ra4 Qc5 35. Ra5 Qd6 36. Ra6 Qd7 37. Ra7 Rc7 38. Rxc7 Qxc7 39. Qa4 e5 40. Nf3
Qc5 41. Ra1 e4 42. dxe4 Bxe4 43. Ra2 Qh5 44. Nd2 Qe2 45. Nf1 Ra8 46. Qb3 Rxa2
47. Qxa2 Bxg2 48. Kxg2 Ne4 49. Qa1 Qxf2+ 50. Kh1 f5 51. Qd1 Nc3 52. Qd3 Ne2 0-1

[Event "SR Extraliga 2016/2017"]
[Site "?"]
[Date "2017.03.24"]
[Round "9.6"]
[White "Varga, Zoltan"]
[Black "Ruckschloss, Karol"]
[Result "1/2-1/2"]
[WhiteElo "2433"]
[BlackElo "2231"]
[PlyCount "68"]
[EventDate "2016.??.??"]

1. e4 d6 2. d4 Nf6 3. f3 e5 4. d5 c5 5. c4 Be7 6. Be3 Nbd7 7. Nh3 Nf8 8. Nf2 h5
9. h4 Ng8 10. g3 g5 11. hxg5 Bxg5 12. f4 exf4 13. gxf4 Bf6 14. Nc3 Qb6 15. Qb3
Bd7 16. e5 dxe5 17. Nfe4 Qxb3 18. axb3 b6 19. Nxf6+ Nxf6 20. fxe5 Ng4 21. Bg5
Ng6 22. e6 fxe6 23. dxe6 Bc6 24. Nd5 O-O 25. Rxh5 Rf5 26. Bd3 Re5+ 27. Kd2 Bxd5
28. Bxg6 Bxe6 29. Rg1 Rf8 30. Bh7+ Kg7 31. Bd3 Rf2+ 32. Kc1 Rf3 33. Bc2 Rf2 34.
Bd3 Rf3 1/2-1/2

[Event "SR Extraliga 2016/2017"]
[Site "?"]
[Date "2017.03.24"]
[Round "9.7"]
[White "Castiglione, Mario"]
[Black "Bagi, Mate"]
[Result "0-1"]
[WhiteElo "2252"]
[BlackElo "2450"]
[PlyCount "126"]
[EventDate "2016.??.??"]

1. e4 e5 2. f4 exf4 3. Nf3 g5 4. Nc3 Bg7 5. d4 d6 6. g3 Nc6 7. gxf4 g4 8. Rg1
Bf6 9. d5 gxf3 10. dxc6 Bh4+ 11. Kd2 f2 12. cxb7 Bxb7 13. Rg2 Qf6 14. Ke2 Ne7
15. Be3 d5 16. e5 Qf5 17. Nb5 Qd7 18. Nd4 c5 19. Nf3 Nf5 20. Bxf2 Bxf2 21. Rxf2
Qa4 22. Qd2 Qe4+ 23. Kd1 Ne3+ 24. Kc1 d4 25. Bb5+ Kf8 26. b3 Qxf4 27. Ne1 Qxe5
28. Nd3 Qd6 29. Kb2 a6 30. Bc4 Nxc4+ 31. bxc4 Rg8 32. Raf1 Rg7 33. Rf6 Qe7 34.
Qf4 Kg8 35. Ne5 Bg2 36. Rxf7 Rxf7 37. Qxf7+ Qxf7 38. Rxf7 Be4 39. Rc7 Rf8 40.
Ng4 Rf4 41. Rc8+ Kg7 42. Rc7+ Kg8 43. Rc8+ Kg7 44. Rc7+ Kf8 45. Ne5 Rf2 46.
Nd7+ Ke8 47. Nxc5 Bxc2 48. Nb3 Bg6+ 49. Kc1 Rc2+ 50. Kd1 d3 51. c5 Bh5+ 52. Ke1
Re2+ 53. Kf1 d2 54. Nxd2 Rxd2 55. Rxh7 Be2+ 56. Ke1 Rxa2 57. c6 Bg4 58. c7 Re2+
59. Kf1 Rc2 60. Rh8+ Ke7 61. Rh7+ Kd6 62. Kg1 a5 63. h3 Bd7 0-1

[Event "SR Extraliga 2016/2017"]
[Site "?"]
[Date "2017.03.24"]
[Round "9.8"]
[White "Csiba, Dominik"]
[Black "Kostolansky, Sebastian Lukas"]
[Result "1-0"]
[WhiteElo "2359"]
[BlackElo "2170"]
[PlyCount "153"]
[EventDate "2016.??.??"]

1. Nf3 Nf6 2. c4 e6 3. g3 d5 4. b3 Be7 5. Bg2 O-O 6. O-O c5 7. e3 Nc6 8. Bb2 b6
9. Qe2 Ba6 10. Rd1 Rc8 11. d3 Qc7 12. Nc3 Rfd8 13. Rac1 dxc4 14. bxc4 Qb8 15.
Qc2 Nb4 16. Qb1 Rd7 17. Ne2 Nc6 18. Nf4 Rcd8 19. d4 b5 20. Ng5 Na5 21. d5 e5
22. cxb5 exf4 23. bxa6 fxe3 24. fxe3 h6 25. Bxf6 Qxb1 26. Rxb1 Bxf6 27. Ne4 Be7
28. Kf2 f5 29. Nc3 Rd6 30. Bf1 Bf6 31. Nb5 Rxa6 32. Kf3 Rd7 33. Bd3 g6 34. g4
fxg4+ 35. Kxg4 Rxd5 36. Nc7 Rg5+ 37. Kf3 Rb6 38. Rxb6 axb6 39. Rb1 c4 40. Be4
Kf7 41. Nd5 Bd8 42. Nxb6 Rh5 43. Nd5 Rxh2 44. Rb8 Bh4 45. Rb6 Rxa2 46. Bxg6+
Kg7 47. Bf5 Rf2+ 48. Ke4 Bg5 49. Ra6 Nb3 50. Ra7+ Kf8 51. Ke5 c3 52. Rc7 Nd2
53. Rxc3 Nf3+ 54. Ke6 Ra2 55. Rc8+ Kg7 56. Rc7+ Kf8 57. Rc8+ Kg7 58. Rc7+ Kf8
59. Bd3 Ra3 60. Bc4 Nd2 61. Be2 Ne4 62. Ke5 Ng3 63. Bc4 Ra8 64. Bb5 Ra5 65. Rb7
h5 66. Nc7 Bxe3 67. Ne6+ Kg8 68. Kf6 Ne4+ 69. Kg6 Ra8 70. Rd7 Nc5 71. Rg7+ Kh8
72. Rh7+ Kg8 73. Rg7+ Kh8 74. Rh7+ Kg8 75. Bc4 Ra4 76. Rg7+ Kh8 77. Nd8 1-0

[Event "SR Extraliga 2016/2017"]
[Site "?"]
[Date "2017.03.24"]
[Round "9.1"]
[White "Miton, Kamil"]
[Black "Neuman, Petr"]
[Result "1-0"]
[WhiteElo "2617"]
[BlackElo "2430"]
[PlyCount "47"]
[EventDate "2016.??.??"]

1. c4 Nf6 2. Nc3 g6 3. e4 d6 4. d4 Bg7 5. f3 O-O 6. Be3 c5 7. Nge2 Nc6 8. Qd2
e6 9. O-O-O Qa5 10. Kb1 a6 11. Bh6 b5 12. Bxg7 Kxg7 13. dxc5 dxc5 14. Qe3 b4
15. e5 Nd7 16. Ne4 Ncxe5 17. h4 Bb7 18. Nd6 Bc6 19. h5 Rh8 20. Ng3 Qc7 21. Be2
f6 22. h6+ Kg8 23. f4 Nf7 24. Qxe6 1-0

[Event "SR Extraliga 2016/2017"]
[Site "?"]
[Date "2017.03.24"]
[Round "9.2"]
[White "Mazur, Stefan"]
[Black "Bulski, Krzysztof"]
[Result "0-1"]
[WhiteElo "2464"]
[BlackElo "2524"]
[PlyCount "88"]
[EventDate "2016.??.??"]

1. e4 c5 2. Nf3 g6 3. d4 Bg7 4. c4 cxd4 5. Nxd4 Nc6 6. Be3 Nf6 7. Nc3 Ng4 8.
Qxg4 Nxd4 9. Qd1 Ne6 10. Qd2 d6 11. Be2 O-O 12. Bh6 Bxh6 13. Qxh6 Nd4 14. O-O-O
Nxe2+ 15. Nxe2 Be6 16. h4 Qa5 17. Nc3 f6 18. f4 Rac8 19. Rd3 Kh8 20. b3 Rg8 21.
Kb2 Rc5 22. Nd5 Bxd5 23. exd5 b5 24. h5 g5 25. fxg5 bxc4 26. g6 Rg7 27. bxc4
Rxc4 28. Rb3 Rc8 29. Rc1 Rcg8 30. Rd1 Qa4 31. Rdd3 Qe4 32. Qd2 Qe5+ 33. Ka3
Qxh5 34. gxh7 Rf8 35. Rg3 Rg5 36. Rxg5 Qxg5 37. Qe2 Qc1+ 38. Ka4 Qc7 39. Re3
Re8 40. Re4 a5 41. a3 e5 42. dxe6 Qc6+ 43. Kb3 Rb8+ 44. Ka2 Qc1 0-1

[Event "SR Extraliga 2016/2017"]
[Site "?"]
[Date "2017.03.24"]
[Round "9.3"]
[White "Jurcik, Martin"]
[Black "Caletka, Radomir"]
[Result "1/2-1/2"]
[WhiteElo "2320"]
[BlackElo "2359"]
[PlyCount "128"]
[EventDate "2016.??.??"]

1. e4 c6 2. d4 d5 3. Nd2 dxe4 4. Nxe4 Nd7 5. Nf3 Ngf6 6. Nxf6+ Nxf6 7. Ne5 Be6
8. Be2 g6 9. O-O Bg7 10. c3 O-O 11. Re1 Rc8 12. Nd3 Bc4 13. Bf4 b6 14. Qa4 Bxd3
15. Bxd3 Qd7 16. Be5 Nd5 17. Bxg7 Kxg7 18. g3 Nf6 19. Bf1 Rfd8 20. Bg2 Rc7 21.
Qc2 Qd6 22. Bf3 c5 23. Rad1 cxd4 24. Qa4 e5 25. cxd4 exd4 26. Rd3 Qc5 27. Red1
Rcd7 28. R1d2 b5 29. Qd1 Rd6 30. Kg2 Ne8 31. Rc2 Qb6 32. Qc1 Nf6 33. Qf4 a6 34.
b4 Qa7 35. Rc5 Qb6 36. Rc2 R8d7 37. Rc8 a5 38. a3 axb4 39. axb4 Rd8 40. Rc2 h6
41. h4 Qa7 42. Rc5 Qd7 43. Qe5 Re8 44. Qf4 Re1 45. Qd2 Rb1 46. Re5 h5 47. Rc5
Ne8 48. Ra3 Nf6 49. Ra5 Rb6 50. Re5 d3 51. Qa2 Rc1 52. Qd2 Rc7 53. Ra3 Rd6 54.
Re3 Rc2 55. Qd1 Qc7 56. Rexd3 Re6 57. Ra1 Rb2 58. Rb1 Rc2 59. Rd4 Ra6 60. Rd2
Rc3 61. Rd3 Raa3 62. Rxc3 Qxc3 63. Qe2 Nd7 64. Qb2 Qxb2 1/2-1/2

[Event "SR Extraliga 2016/2017"]
[Site "?"]
[Date "2017.03.24"]
[Round "9.4"]
[White "Hausner, Ivan"]
[Black "Likavsky, Tomas"]
[Result "1-0"]
[WhiteElo "2375"]
[BlackElo "2437"]
[PlyCount "75"]
[EventDate "2016.??.??"]

1. d4 Nf6 2. c4 e6 3. g3 d5 4. Nf3 Bb4+ 5. Bd2 Be7 6. Bg2 Nbd7 7. O-O O-O 8.
Qc2 c6 9. Bf4 b6 10. Nbd2 Bb7 11. e4 Nxe4 12. Nxe4 dxe4 13. Qxe4 Nf6 14. Qe2 c5
15. Rad1 cxd4 16. Nxd4 Bxg2 17. Kxg2 Qc8 18. b3 Qb7+ 19. Qf3 Qxf3+ 20. Kxf3
Rfc8 21. Rfe1 Kf8 22. g4 a6 23. a4 Ra7 24. g5 Nd7 25. h4 g6 26. Kg4 Nc5 27. h5
gxh5+ 28. Kxh5 Rd7 29. b4 Rcd8 30. bxc5 Rxd4 31. Rxd4 Rxd4 32. Be3 Rxc4 33.
cxb6 h6 34. Rc1 Rb4 35. Rc8+ Kg7 36. gxh6+ Kh7 37. f4 Bd6 38. Rd8 1-0

[Event "SR Extraliga 2016/2017"]
[Site "?"]
[Date "2017.03.24"]
[Round "9.5"]
[White "Kantorik, Marian"]
[Black "Plachetka, Jan"]
[Result "1/2-1/2"]
[WhiteElo "2265"]
[BlackElo "2356"]
[PlyCount "31"]
[EventDate "2016.??.??"]

1. d4 Nf6 2. c4 e6 3. g3 d5 4. Bg2 dxc4 5. Nf3 Nc6 6. O-O Rb8 7. a4 Be7 8. Na3
Na5 9. Ra2 Nd5 10. Bd2 Nb4 11. Bxb4 Bxb4 12. Ne5 O-O 13. Nexc4 Nxc4 14. Nxc4 c5
15. dxc5 Bxc5 16. b3 1/2-1/2

[Event "SR Extraliga 2016/2017"]
[Site "?"]
[Date "2017.03.24"]
[Round "9.6"]
[White "Cech, Pavel"]
[Black "Haring, Viktor"]
[Result "1-0"]
[WhiteElo "2354"]
[BlackElo "2285"]
[PlyCount "51"]
[EventDate "2016.??.??"]

1. d4 Nf6 2. c4 e6 3. g3 Bb4+ 4. Bd2 c5 5. Bxb4 cxb4 6. Bg2 O-O 7. Nf3 d6 8.
O-O Nc6 9. a3 bxa3 10. Nxa3 e5 11. Nb5 Qb6 12. e3 Bg4 13. Qd2 Rfd8 14. Nxd6
exd4 15. exd4 Nxd4 16. Qxd4 Qxd4 17. Nxd4 Rxd6 18. Bxb7 Rb8 19. Nb5 Rb6 20. Bg2
Be2 21. Rfc1 Bxc4 22. Nxa7 Bd5 23. Rc8+ Rxc8 24. Nxc8 Re6 25. Bxd5 Nxd5 26.
Ne7+ 1-0